Представление документа в формате MARC21

Поле Инд. ПП Название Значение
Тип записи a
Библиографический уровень m
001 Контрольный номер a86e0452-9622-4b49-859b-7d029503ee87
005 Дата корректировки 20140226163748.9
008 Кодируемые данные 20001027s?a aznnnabbn zn aan
020 a ISBN 5-7550-0137-5 (в пер.)
c Цена, тираж 3.00
040 a Служба первич. каталог. RU-RKP
a Служба первич. каталог. НБ ТвГУ
041 a Код языка текста rus
080 a Индекс УДК 613.99
084 a Индекс другой классификации/Индекс ББК Р714
090 x Авторский знак С67
a Полочн. индекс Р714
092 a 76.29.48
245 10 a Заглавие Сотвори себя
b Продолж. заглавия Кн. для женщин : [Сборник
c Ответственность Сост. С. А. Мазаева]
260 0_ a Место издания Кемерово
b Издательство Кн. изд-во
c Дата издания 1990
300 a Объем 365,[2] с.
b Иллюстрации/ тип воспроизводства ил.
c Размеры 21 см
650 a Основная рубрика Женщины
x Основная подрубрика Здоровье и гигиена
650 a Основная рубрика Косметика врачебная
650 a Основная рубрика Гигиена женщины
700 1_ a Другие авторы Мазаева Светлана Александровна
e Роль лиц сост.
852 t Порядковый номер экземпляра 1
p Инвентарный номер 613753
954 a Дата поступления на обработку 2001
999 a Подразделение 2 ч.з.